000 00801nas a2200205 454500
001 12605
005 20260407193504.0
008 260407s1983####ag###########|||spa#d
003 AR-UNSa-BCEJYS
040 _aAR-UNSa-BCEJYS
_bspa
_cAR-UNSa-BCEJYS
080 _a330
_xEconomía en general
245 1 0 _aConference paper
_pSelected papers from the annual conference of the royal economic society and the association of university teachers of economics Guildford, Surrey, 1982
264 1 _aCambridge :
_bCambridge University Press
_c1983
942 _cSER
590 _aniveau_biblio:s niveau_hierar:1
100 1 _aRoyal Economic Society
650 _aMacroeconomía
650 _aECONOMIA
856 4 1 _uhttps://biblioeco.unsa.edu.ar/pmb/images/revistas/Conference Papers.jpg
_yImagen de portada
_qimage/jpeg
999 _c8450
_d8450